• 首页
  • 本馆介绍
  • 公告通知
  • 最新文献
  • 馆藏检索
  • 电子资源
  • 读者导购
  • 参考咨询
  • 我的图书馆
  • 登录
  • 详细信息显示
  • 放入我的书架
  • 预约/预借图书
  • 作者相关作品
  • 分类相关作品
  • 丛书相关作品
  • 出版社相关作品

书目信息

  • 表格格式
  • 工作单格式
  • 卡片格式
题名:
镰刀与城市
    
 
作者: 安克强 著 ;刘喆 译
分册:  
出版信息: 上海   上海社会科学院出版社  2022.01
页数: 402页
开本: 24cm
丛书名:
单 册:
中图分类: B086
科图分类:
主题词: 死亡--si wang--文化史--研究
电子资源:
ISBN: 978-7-5520-2834-8
000 01520nam0 2200301 450
001 CAL 010840655
005 20230217093113.0
010    @a978-7-5520-2834-8@dCNY88.00
100    @a20220310d2022 em y0chiy0120 ea
101 1  @achi@cfre
102    @aCN@b310000
105    @aab a 000yy
106    @ar
200 1  @a镰刀与城市@Alian dao yu cheng shi@e以上海为例的死亡社会史研究@f(法) 安克强著@d= Scythe and the city@ea social history of death in Shanghai@fChristian Henriot@g刘喆译@zeng
210    @a上海@c上海社会科学院出版社@d2022.01
215    @a402页@c图, 地图@d24cm
300    @a知章
314    @a安克强, 艾克斯·马赛大学亚洲研究系的历史学教授, 法国著名的汉学家, 国际知名的上海史专家。
320    @a有书目 (第375-402页)
330    @a从古至今, 死亡一直笼罩着每一个人。整个民国时期, 上海吞噬了无数人的生命。散落在公共场所的裸露尸体对社会秩序和公共卫生构成威胁。在近代上海这个移民城市中, 不同的社会群体有着各自的丧葬习俗和死亡文化, 他们如何适应现代化的城市管理? 本书以死亡、死者和丧葬风俗为中心, 全面梳理了开埠以来上海丧葬习俗和死亡管理的历史, 展现了近代化与城市化过程中, 死亡这一古老话题与新时代的碰撞。
510 1  @aScythe and the city@ea social history of death in Shanghai@zeng
517 1  @a以上海为例的死亡社会史研究@Ayi shang hai wei li de si wang she hui shi yan jiu
606 0  @a死亡@Asi wang@x文化史@x研究
690    @aB086@v5
701  1 @a安克强@Aan ke qiang@g(Henriot, Christian)@4著
702  0 @a刘喆@Aliu zhe@4译
801  0 @aCN@bBJXHZP@c20230228
905    @b1381237-40@dB086@e123@f4
    
    镰刀与城市:以上海为例的死亡社会史研究/(法) 安克强著= Scythe and the city:a social history of death in Shanghai/Christian Henriot/刘喆译.-上海:上海社会科学院出版社,2022.01
    402页:图, 地图;24cm
    知章
    
    ISBN 978-7-5520-2834-8:CNY88.00
    从古至今, 死亡一直笼罩着每一个人。整个民国时期, 上海吞噬了无数人的生命。散落在公共场所的裸露尸体对社会秩序和公共卫生构成威胁。在近代上海这个移民城市中, 不同的社会群体有着各自的丧葬习俗和死亡文化, 他们如何适应现代化的城市管理? 本书以死亡、死者和丧葬风俗为中心, 全面梳理了开埠以来上海丧葬习俗和死亡管理的历史, 展现了近代化与城市化过程中, 死亡这一古老话题与新时代的碰撞。
●
相关链接 在E读中查询图书 在五车中查询图书 在当当中查询图书 在豆瓣中查询图书


正题名:镰刀与城市     索取号:B086/123         预约/预借

序号 登录号 条形码 馆藏地/架位号 状态 备注
1 1381237   213812374   第一样本阅览室/ [索取号:B086/123] 在馆    
2 1381238   213812383   第一借阅区/ [索取号:B086/123] 在馆    
3 1381239   213812392   第一借阅区/ [索取号:B086/123] 在馆    
4 1381240   213812409   第一借阅区/ [索取号:B086/123] 在馆    
唐山师范学院图书馆 欢迎您!
大连网信软件有限公司© 版权所有